000 00688nam a2200289Ia 4500
005 20260324142611.0
008 008 260324s9999 xx 000 0 eng d
020 _a9780203975725
037 _aEBOOK
040 _aCRL
040 _beng
040 _cCRL
041 _2eng
041 _aeng
084 _qCRL
100 _aBrigid Smith
_91212550
245 0 _aThrough Writing to Reading
245 0 _bClassroom Strategies for Supporting Literacy
260 _bTaylor and Francis
260 _c1994
365 _a
365 _b300
856 _uhttp://www.taylorfrancis.com/books/9780203975725
942 _cEBOOK
999 _c1816922
_d1816922